| 000 | 00776cam a22002291 4500 | ||
|---|---|---|---|
| 001 | med48000304 | ||
| 003 | DLC | ||
| 005 | 20260227111609.0 | ||
| 008 | 810622s1947 xx ac 000 0 eng | ||
| 010 | _amed48000304 | ||
| 035 | _a(OCoLC)14645709 | ||
| 040 |
_aDLC _cDNLM _dDLC |
||
| 042 | _apremarc | ||
| 050 | 0 | 0 |
_aBF1141 _b.L65 1947 |
| 060 | 0 |
_aBF 1141 _bL861h 1947 |
|
| 100 | 1 |
_aLonk, Adolph Frank, _d1897- |
|
| 245 | 1 | 5 |
_a"The original" complete seventy-two part manual of hypnotism and psycho-therapeutics, _band also mysteries of time and space. |
| 260 |
_a[Palatine, Ill.] _cc1947. |
||
| 300 |
_a135 p. _bill., ports. |
||
| 500 | _aRev. 3d ed. | ||
| 500 | _aOriginally published under title: How to hypnotize, the Lonk course in hypnotism and psycho-therapeutics. | ||
| 999 |
_c38881 _d38881 |
||